01546nam a22003737a 4500003000500000005001700005008004100022010001000063011001000073035001000083040000900093090001000102100005100112245020800163260004000371300001000411502010400421590003700525590004100562590004100603590004100644590004100685590004100726590004200767650003400809650004100843650004400884650004800928901000700976942001000983949003500993999001701028952012701045CHAP20220329135315.0971013s1983 r 00010 d a34145 a35117 a39233 cCHAP aTesis00aOgazón Villarreal, César Alejandro.982825 aEfecto de diferentes dósis de radiación gamma Co60 en semilla de melón (Cucumis melo), var. Gusto-45 y su influencia en la emergencia, desarrollo y rendimiento, Apodaca, N. L. primavera-verano 1983 aMonterrey, N. L. :bEl autor,c1983 a68 h. aTesis (Ing. Agr. Esp. en Producción) -- ITESM. División de Ciencias Agropecuarias y Marítimas aALEPHb10c20130110lUCH01h1259 aBATCH-UPDb10c20130109lUCH01h2335 aBATCH-UPDb10c20130110lUCH01h2135 aBATCH-UPDb10c20130409lUCH01h1902 aBATCH-UPDb10c20130410lUCH01h1444 aBATCH-UPDb10c20130914lUCH01h1810 aCONVERSIONb10c20130109lUCH01h131914aMelónxNuevo León.97447314aRadiaciónxEfecto en fruta.99366914aRadiaciónxEfecto en semillas.99367514aRayos gammaxEfectos fisiológicos.994860 aBK cTESIS bBCcTESd-89526eTS1i39233si c34145d34145 00102local4051708TESISaBCbBCcPA_TESISd2012-12-17fTESISl0oTesisp-89526r2019-12-31 00:00:00w2019-12-31yTESIS